000 00713nam a22002417a 4500
003 UA-OsUOA
001 54512
007 ta
008 20080618b un ||||| |||| 00| 0 ukr d
100 _aСирота І. М.
090 _a349.3:364.4(477):34
_bС73
942 _cBK
040 _aUA-OsUOA
_bukr
_cUA-OsUOA
_dUA-OsUOA
245 _aПраво соціального забезпечення в Україні
_bпідручник
300 _a408 с.
955 _a2
041 _aukr
080 _a349.3:364.4(477):34
020 _a966-633-601-4
260 _aХарків
_bОдіссей
_c2007
650 7 _a349.3 Право соціального забезпечення
_2UDC
999 _c340487
_d340487